Logo BPK

Biblioteka

Politechniki Koszalińskiej

Tendencje rozwojowe w technologii maszyn : (Rekord nr 29257)

Szczegóły MARC
000 -ETYKIETA REKORDU
podpole kontrolne o stałej długości 01321nam a2200325 i 4500
001 - NUMER KONTROLNY REKORDU
pole kontrolne 29257
003 - IDENTYFIKATOR NUMERU KONTROLNEGO REKORDU
podpole kontrolne KOSZ 005
005 - DATA OSTATNIEJ MODYFIKACJI REKORDU
podpole kontrolne 20200102143921.0
008 - POLE O STAŁEJ DŁUGOŚCI - DANE KONTROLNE
podpole kontrolne o stałej długości 970904s1990 pl a f |100 0 pol
015 ## - NUMER BIBLIOGRAFII NARODOWEJ
Numer bibliografii narodowej PB 1990/8391
035 ## - NUMER SYSTEMOWY
Numer systemowy przejętego rekordu (OCoLC)834089639
040 ## - ŹRÓDŁO KATALOGOWANIA
Instytucja, która sporządziła opis WA N
Instytucja, która utworzyła rekord WA N
041 0# - KOD JĘZYKA
Kod języka tekstu pol
-- ger
-- rus
Kod języka streszczenia lub abstraktu eng
-- pol
046 ## - DATY KODOWANE
Pojedyncza data lub początek okresu powstania dzieła lub zbioru dzieł 1990
080 ## - UNIWERSALNA KLASYFIKACJA DZIESIĘTNA - UKD
UKD 621
080 ## - UNIWERSALNA KLASYFIKACJA DZIESIĘTNA - UKD
UKD (061.3)
245 00 - TYTUŁ/ODPOWIEDZIALNOŚĆ
Tytuł Tendencje rozwojowe w technologii maszyn :
Ciąg dalszy tytułu VI ogólnopolska konferencja naukowo-techniczna.
Oznaczenie części/sekcji dzieła Sekcja 3,
Tytuł części/sekcji dzieła Odlewnictwo i spawalnictwo : technologia i urządzenie odlewnicze, metalurgia, metaloznawstwo i spawalnictwo /
Pozostałe elementy strefy tytułu i oznaczenia odpowiedzialności Komisja Technologii Budowy Maszyn Polskiej Akademii Nauk. Oddział w Poznaniu, Wyższa Szkoła Inżynierska im. Jurija Gagarina w Zielonej Górze.
260 ## - STREFA ADRESU WYDAWNICZEGO
Miejsce wydania Zielona Góra :
Nazwa wydawcy/dystrybutora Wydaw. WSI,
Data publikacji, dystrybucji/powstania dokumentu 1990.
300 ## - STREFA OPISU FIZYCZNEGO
Objętość 245 s. :
Inne cechy fizyczne rys., wykr. ;
Rozmiary 24 cm.
380 ## - FORMA I TYP PUBLIKACJI
Forma i typ publikacji Książki.
500 ## - UWAGI OGÓLNE
Tekst uwagi Tekst częśc. pol., niem. i ros.
504 ## - UWAGA DOTYCZĄCA BIBLIOGRAFII
Informacje o bibliografii Bibliogr., streszcz., summ. przy ref.
580 ## - UWAGA O NIETYPOWYCH ZWIĄZKACH BIBLIOGRAFICZNYCH
Uwaga dotycząca nietypowych związków bibliograficznych Sekcja 1 poz. 8389/90, sekcja 2 poz. 8390/90.
650 #4 - HASŁO PRZEDMIOTOWE W FORMIE NAZWY OGÓLNEJ LUB JEDNOSTKOWEJ
Nazwa ogólna lub geograficzna Odlewnictwo
650 #4 - HASŁO PRZEDMIOTOWE W FORMIE NAZWY OGÓLNEJ LUB JEDNOSTKOWEJ
Nazwa ogólna lub geograficzna Maszyny
655 #4 - TERMIN INDEKSOWY - OKREŚLENIE RODZAJU/FORMY DOKUMENTU
Określenie rodzaju/formy dokumentu Materiały konferencyjne
650 #4 - HASŁO PRZEDMIOTOWE W FORMIE NAZWY OGÓLNEJ LUB JEDNOSTKOWEJ
Nazwa ogólna lub geograficzna Spawalnictwo
856 ## - LOKALIZACJA I DOSTĘP DO ELEKTRONICZNYCH DOKUMENTÓW ZDALNYCH
Link (URL) http://koha.tu.koszalin.pl/cgi-bin/koha/opac-detail.pl?biblionumber=29257
Tekst linku Katalog online BPK
942 ## - DODATKOWE ELEMENTY (KOHA)
Schemat klasyfikacji Uniwersalna Klasyfikacja Dziesiętna
Typ dokumentu Książka
Egzemplarze
Wycofany Status egzemplarza Uszkodzony Dostępność Lokalizacja stała Lokalizacja bieżąca Miejsce przechowywania Sygnatura Kod kreskowy Typ dokumentu
      Dostępny Biblioteka Politechniki Koszalińskiej Biblioteka Politechniki Koszalińskiej Wypożyczalnia BG 35354 01595192 Książka
© 2023 Biblioteka Politechniki Koszalińskiej :: KOHA